Prevent woods and grass fires on the farm /

Bibliographic Details
Main Authors: Anderson, D. A. (Author), Simmons, C. W. (Author), Smith, W. A. (Author)
Format: Government Document Book
Language:English
Published: [College Station, Texas] : [Texas Agricultural Extension Service], [between 1956 and 1957]
Series:Leaflet (Texas Agricultural Extension Service) ; 312.
Subjects:
Online Access:Available online via OAK Trust Repository

MARC

Tag First Indicator Second Indicator Subfields
LEADER 00000cam a2200000Ii 4500
001 in00003910421
005 20180430075018.0
008 180102q19561957txua s000 0 eng d
035 |a (OCoLC)on1017698259 
035 |a (OCoLC)1017698259 
040 |a TXA  |b eng  |e rda  |c TXA  |d UtOrBLW 
043 |a n-us-tx 
049 |a TXAM 
086 |a Z TA245.7 L47 no. L-312  |2 txdocs 
090 |a S544.3.T4  |b T273 no. L-312 
100 1 |a Anderson, D. A.,  |e author. 
245 1 0 |a Prevent woods and grass fires on the farm /  |c D.A. Anderson, Head, Research and Education Dept., C.W. Simmons, Extension Farm Forester, W.A. Smith, Associate Forestry Educator. 
264 1 |a [College Station, Texas] :  |b [Texas Agricultural Extension Service],  |c [between 1956 and 1957] 
300 |a 2 unnumbered pages. 
336 |a text  |b txt  |2 rdacontent 
337 |a unmediated  |b n  |2 rdamedia 
338 |a volume  |b nc  |2 rdacarrier 
490 1 |a L / [Texas Agricultural Extension Service] ;  |v 312 
490 0 |a Agricultural engineering series 
500 |a Caption title. 
500 |a "10M--10-57" 
500 |a The United States Department of Agriculture cooperating. 
650 0 |a Fire prevention  |z Texas. 
650 3 |a fire safety. 
650 3 |a fire hazard reduction. 
650 3 |a guidelines. 
650 3 |a wildfires. 
650 3 |a grassland fires. 
653 |a 4-H 
700 1 |a Simmons, C. W.,  |e author.  |0 http://id.loc.gov/authorities/names/n2009064041 
700 1 |a Smith, W. A.,  |e author.  |0 http://id.loc.gov/authorities/names/n94044660 
710 1 |a United States.  |b Department of Agriculture,  |e issuing body.  |0 http://id.loc.gov/authorities/names/n79008243 
710 2 |a Texas Agricultural Extension Service,  |e issuing body.  |0 http://id.loc.gov/authorities/names/n80010192 
830 0 |a Leaflet (Texas Agricultural Extension Service) ;  |v 312. 
856 4 1 |z Available online via OAK Trust Repository  |u http://oaktrust.library.tamu.edu/handle/1969.1/162030  |t 0 
994 |a C0  |b TXA 
999 f f |s 6b9c4924-4d66-3f7d-9925-59a1bf5f845c  |i a8b700a5-5ea1-3e2c-bfc4-10ec750de539  |t 0 
952 f f |a Texas A&M University  |b College Station  |c Electronic Resources  |d Available Online  |t 0  |e Z TA245.7 L47 no. L-312  |g Electronic  |h Superintendent of Documents classification 
998 f f |a Z TA245.7 L47 no. L-312  |t 0  |l Available Online